Plaza Real (Record no. 99556)

MARC details
000 -LEADER
campo de control de longitud fija 00898nam a2200217 i 4500
001 - NÚMERO DE CONTROL
campo de control 99556
003 - IDENTIFICADOR DE NÚMERO DE CONTROL
campo de control ES-MaACL
005 - FECHA Y HORA DE LA ÚLTIMA TRANSACCIÓN
campo de control 20251113143258.0
007 - CAMPO FIJO DE DESCRIPCIÓN FÍSICA--INFORMACIÓN GENERAL
campo de control de longitud fija t|
008 - DATOS DE LONGITUD FIJA--INFORMACIÓN GENERAL
campo de control de longitud fija 050913s1968 sp af |||| | spa d
080 ## - NÚMERO DE LA CLASIFICACIÓN DECIMAL UNIVERSAL
Número de la Clasificación Decimal Universal 791.862(468.18 Puert. Santa Maria)
100 1# - ENTRADA PRINCIPAL--NOMBRE DE PERSONA
Nombre de persona Martínez Alfonso, Manuel.
9 (RLIN) 77835
245 10 - MENCIÓN DEL TÍTULO
Título Plaza Real
Resto del título : "¡Toros en el puerto!" /
Mención de responsabilidad, etc. Manuel Martínez Alfonso ; carta-prólogo del Excmo. Sr. Conde de Colombí ; [dibujos originales de Juan Lara].
260 ## - PUBLICACIÓN, DISTRIBUCIÓN, ETC.
Lugar de publicación, distribución, etc. Puerto de Santa María :
Nombre del editor, distribuidor, etc. [s.n.],
Fecha de publicación, distribución, etc. 1968 (
Fabricante Grafibérica)
300 ## - DESCRIPCIÓN FÍSICA
Extensión XIX, 649 p., 1 h., 26 lám. col. :
Otras características físicas il. ;
Dimensiones 28 cm.
650 #4 - PUNTO DE ACCESO ADICIONAL DE MATERIA--TÉRMINO DE MATERIA
Término de materia o nombre geográfico como elemento de entrada Corridas de toros-
Subdivisión geográfica El Puerto de Santa María (Cádiz)
9 (RLIN) 140490
700 1# - ENTRADA AGREGADA--NOMBRE PERSONAL
Nombre de persona Gutiérrez Ballesteros, José María,
Títulos y otros términos asociados al nombre Conde de Colombí
9 (RLIN) 61094
700 1# - ENTRADA AGREGADA--NOMBRE PERSONAL
Nombre de persona Lara Izquierdo, Juan,
Fechas asociadas al nombre 1920-1995
9 (RLIN) 140489
852 ## - LOCALIZACIÓN
Ubicación ES-MaACL
Número de control de estantería C-56937
Holdings
Estatus retirado Estado de pérdida Estado de daño No para préstamo Biblioteca de origen Biblioteca actual Ubicación en estantería Fecha de adquisición Fuente de adquisición Total de préstamos Signatura topográfica completa Código de barras Visto por última vez Precio de reemplazo Tipo de ítem Koha
        Biblioteca del Ateneo de Madrid Biblioteca del Ateneo de Madrid Depósito 2 17/01/2008     C-56937 1103952 23/02/2023 23/02/2023 Libro impreso